02292namaa2200445uu 4500001001000000003000600010005001700016006001900033007001500052008004100067020001800108020001800126020001800144020001800162024003100180040001700211041000800228042000700236072001500243072001700258072001600275720002700291245007600318260002700394300002200421336002600443337002600469338003600495506005100531520092100582540006301503546001201566650002501578650003801603650003101641653002301672793001801695856011601713999001701829doab96480oapen20260305123953.0m o d cr|mn|---annan230131s2022 xx |||||o ||| 0|eng d a9781003245391 a9781003245391 a9781032156996 a97810321570237 a10.4324/97810032453912doi aoapencoapen0 aeng adc 7aHR2bicssc 7aHRCV2bicssc 7aJHM2bicssc1 aStelmaszyk, Mally4aut00aShamanism in SiberiabSound and Turbulence in Cursing Practices in Tuva bTaylor & Francisc2022 a1 online resource atextbtxt2rdacontent acomputerbc2rdamedia aonline resourcebcr2rdacarrier0 aFree-to-readfUnrestricted online access2star aThe focus of this book is on the phenomenon of cursing in shamanic practice and everyday life in Tuva, a former Soviet republic in Siberia. Based on extensive anthropological fieldwork where the author interacted with a wide range of people involved in cursing practices, the book examines Tuvans’ lived experience of cursing and shamanism, thereby providing deep insights into Tuvans’ intimate and social worlds. It highlights especially the centrality of sound: how interactions between humans and non-humans are brought about through an array of sonic phenomena, such as musical sounds, sounds within words and non-linguistic vocalisations, and how such sonic phenomena are a key part of dramatic cursing events and wider shamanic performance and ritual, involving humans and spirits alike. Overall, the book reveals a great deal about occult practices and about social change in post-Soviet Tuva. aAll rights reserveduhttp://oapen.org/content/about-rights aEnglish 7aAnthropology2bicssc 7aChristian life & practice2bicssc 7aReligion & beliefs2bicssc aShamanism; Siberia0 aDOAB Library.40uhttps://directory.doabooks.org/handle/20.500.12854/9648070zFree-to-read: DOAB: description of the publication c93224d93224